The Value of events / (Record no. 359365)
[ view plain ]
| 000 -LEADER | |
|---|---|
| fixed length control field | 00409nam a2200121Ia 4500 |
| 008 - FIXED-LENGTH DATA ELEMENTS--GENERAL INFORMATION | |
| fixed length control field | 181023s9999 xx 000 0 und d |
| 020 ## - INTERNATIONAL STANDARD BOOK NUMBER | |
| International Standard Book Number | 9781138678415 |
| 100 ## - MAIN ENTRY--PERSONAL NAME | |
| Personal name | Lundberg, Erick. |
| 245 ## - TITLE STATEMENT | |
| Statement of responsibility, etc | Edited by Erick Lundberg, John Armbrecht, Tommy D. Andersson, Donald Getz.-- |
| Title | The Value of events / |
| 260 ## - PUBLICATION, DISTRIBUTION, ETC. (IMPRINT) | |
| Place of publication, distribution, etc | New York : |
| Name of publisher, distributor, etc | Routlege |
| Date of publication, distribution, etc | 2017 |
| 300 ## - PHYSICAL DESCRIPTION | |
| Extent | xv, 202 pages. |
| 650 ## - SUBJECT ADDED ENTRY--TOPICAL TERM | |
| Topical term or geographic name as entry element | Special events -- management. |
| Withdrawn status | Lost status | Damaged status | Home library | Current library | Shelving location | Date acquired | Source of acquisition | Total Checkouts | Full call number | Barcode | Date last seen | Price effective from | Koha item type |
|---|---|---|---|---|---|---|---|---|---|---|---|---|---|
| College Library | College Library | Reserve Section | 10/23/2018 | Library Fund | GT 3405 .L96 2017 | C21724 | 10/23/2018 | 10/23/2018 | Books |